<?xml version="1.0" encoding="UTF-8"?>
<record
    xmlns:xsi="http://www.w3.org/2001/XMLSchema-instance"
    xsi:schemaLocation="http://www.loc.gov/MARC21/slim http://www.loc.gov/standards/marcxml/schema/MARC21slim.xsd"
    xmlns="http://www.loc.gov/MARC21/slim">

  <leader>01380nam a22002657a 4500</leader>
  <datafield tag="999" ind1=" " ind2=" ">
    <subfield code="c">22000</subfield>
    <subfield code="d">22000</subfield>
  </datafield>
  <controlfield tag="003">AR-CdUCM</controlfield>
  <controlfield tag="008">190425b           ||||| |||| 00| 0 spa d</controlfield>
  <datafield tag="040" ind1=" " ind2=" ">
    <subfield code="a">MUNICIPALIDAD PROVINCIAL DEL CUSCO</subfield>
    <subfield code="c">BIBLIOTECA MUNICIPAL DEL CUSCO</subfield>
  </datafield>
  <datafield tag="082" ind1=" " ind2=" ">
    <subfield code="a">Hist.Ecle/N&#xB0;1/1989</subfield>
  </datafield>
  <datafield tag="110" ind1=" " ind2=" ">
    <subfield code="a">Instituto Peruano de Historia Eclesi&#xE1;stica</subfield>
    <subfield code="9">47113</subfield>
  </datafield>
  <datafield tag="245" ind1=" " ind2=" ">
    <subfield code="a">Revista peruana de Historia Eclesi&#xE1;stica /</subfield>
    <subfield code="c">Instituto Peruano de Historia Eclesi&#xE1;stica</subfield>
  </datafield>
  <datafield tag="260" ind1=" " ind2=" ">
    <subfield code="a">Lima.</subfield>
    <subfield code="b">Servicio copias Gr&#xE1;ficas,</subfield>
    <subfield code="c">1989.</subfield>
  </datafield>
  <datafield tag="300" ind1=" " ind2=" ">
    <subfield code="a">235 p&#xE1;ginas. :</subfield>
    <subfield code="c">22 cm.</subfield>
  </datafield>
  <datafield tag="440" ind1=" " ind2=" ">
    <subfield code="a">Revista peruana de Historia Eclesi&#xE1;stica.</subfield>
    <subfield code="n">N&#xB0;1,1989.</subfield>
    <subfield code="9">47114</subfield>
  </datafield>
  <datafield tag="505" ind1=" " ind2=" ">
    <subfield code="a">Contenido: Los seminarios y colegios en el Virreinato. -- Seminario de Santo Toribio de Lima. Guillermo Lohman Villena. -- Seminario de San Antonio Abad del Cuzco. Horacio Villanueva Urteaga. -- Seminario de San Jer&#xF3;nimo de Arequipa. -- Seminario de San Carlos y San Marcelo de Trujillo. -- Seminario de San Crist&#xF3;bal de Huamanga. -- Colegio de San Bernardo de Cusco. -- Colegio de San Pedro de Nolasco...</subfield>
  </datafield>
  <datafield tag="650" ind1=" " ind2=" ">
    <subfield code="a">Historia eclesi&#xE1;stica</subfield>
    <subfield code="9">42856</subfield>
  </datafield>
  <datafield tag="650" ind1=" " ind2=" ">
    <subfield code="a">Monumento hist&#xF3;ricos</subfield>
    <subfield code="9">47115</subfield>
  </datafield>
  <datafield tag="650" ind1=" " ind2=" ">
    <subfield code="a">Educaci&#xF3;n colonial</subfield>
    <subfield code="9">25888</subfield>
  </datafield>
  <datafield tag="650" ind1=" " ind2=" ">
    <subfield code="a">Historia del Cusco</subfield>
    <subfield code="9">1714</subfield>
  </datafield>
  <datafield tag="650" ind1=" " ind2=" ">
    <subfield code="a">Religi&#xF3;n cat&#xF3;lica</subfield>
    <subfield code="9">47116</subfield>
  </datafield>
  <datafield tag="700" ind1=" " ind2=" ">
    <subfield code="a">Villanueva Urteaga, Horacio</subfield>
    <subfield code="9">5790</subfield>
  </datafield>
  <datafield tag="700" ind1=" " ind2=" ">
    <subfield code="a">Lohman Villena, Guillermo</subfield>
    <subfield code="9">47117</subfield>
  </datafield>
  <datafield tag="942" ind1=" " ind2=" ">
    <subfield code="2">ddc</subfield>
    <subfield code="c">PP</subfield>
  </datafield>
  <datafield tag="945" ind1=" " ind2=" ">
    <subfield code="a">rac</subfield>
  </datafield>
  <datafield tag="952" ind1=" " ind2=" ">
    <subfield code="0">0</subfield>
    <subfield code="2">ddc</subfield>
    <subfield code="4">0</subfield>
    <subfield code="7">0</subfield>
    <subfield code="a">HEM</subfield>
    <subfield code="b">HEM</subfield>
    <subfield code="c">CART</subfield>
    <subfield code="d">2022-02-03</subfield>
    <subfield code="g">10.00</subfield>
    <subfield code="o">Hist.Ecle/N&#xB0;1/1989</subfield>
    <subfield code="p">REVC000523</subfield>
    <subfield code="r">2022-02-03</subfield>
    <subfield code="y">PP</subfield>
  </datafield>
  <datafield tag="952" ind1=" " ind2=" ">
    <subfield code="0">0</subfield>
    <subfield code="2">ddc</subfield>
    <subfield code="4">0</subfield>
    <subfield code="7">0</subfield>
    <subfield code="a">HEM</subfield>
    <subfield code="b">HEM</subfield>
    <subfield code="c">CART</subfield>
    <subfield code="d">2022-02-03</subfield>
    <subfield code="g">10.00</subfield>
    <subfield code="o">Hist.Ecle/N&#xB0;1/1989/e.2</subfield>
    <subfield code="p">REVC000524</subfield>
    <subfield code="r">2022-02-03</subfield>
    <subfield code="y">PP</subfield>
  </datafield>
</record>
